Quizzes
Events
Quiz Creation
Community
Videos
Private Events
Remove Ads
Sign In
Join for FREE
Feedback
Dark Mode
Quiz Categories
Sports
Geography
Music
Movies
Television
Just For Fun
Miscellaneous
History
Literature
Language
Science
Gaming
Entertainment
Religion
Holiday
For Kids
Quiz Lab
Recent
Popular Today
Quiz Kudos Today
Editor Picks
Curator Picks
Quizzes by...
Day
Popularity
Type
Ratings
Length
Year
Community
Subscriptions
Recent Discussions
Orange Saloon
Badges
Playlists
Quests
Create
Leaderboards
Showdown
Live 5
Trivia Bingo
Activity
Puzzle Library
Sporcle Events
Private Events
Virtual Trivia
Globe League
Become a Host
Pub Owners
SporcleCon
Opinionation
Our Games
Videos
Blog
Mobile Apps
Partnerships
Remove Ads and Go Orange
Feedback
Sports
Athletes
MLB
NBA
NHL
NFL
Soccer
Sports Teams
WWE
NCAA
Football
Premier League
Basketball
Baseball
Hockey
Golf
Tennis
Cricket
Rugby
Auto Racing
Olympics
World Cup
Sports
Athletes
MLB
NBA
NHL
NFL
Soccer
Sports Teams
WWE
NCAA
Football
Premier League
Basketball
Baseball
Hockey
Golf
Tennis
Cricket
Rugby
Auto Racing
Olympics
World Cup
Random Quiz
Search Sporcle
×
Quiz Lab
Quiz Lab
Sports
Footballer
Type in answers that appear in a list
Type in answers that appear in a list
Classic
Best Score? Go Orange.
Top 50 Footballers 2014 Stats
Can you name the Top 50 Footballers of 2014
By
stijosunny
10m
50 Questions
39 Plays
39 Plays
39 Plays
Comments
Comments
Give Quiz Kudos
Give Quiz Kudos
-
- Ratings
hide this ad
Replay
Link that replays current quiz
Next Quiz
Link to next quiz in quiz playlist
You Got
0%
They Got
Avg Score
82%
Avg Friend Score
Upgrade to see
Score Distribution
Jump to the score distribution portion of the page
Score
0/50
Timer
10:00
0
Plays Today
Club
Answer
% Correct
Barcelona
Lionel Messi
100%
Real Madrid
Cristiano Ronaldo
100%
Paris Saint Germain
Zlatan Ibrahimovic
97.4%
Bayern Munich
Arjen Robben
97.4%
Bayern Munich
Frank Ribery
97.4%
Real Madrid
Gareth Bale
97.4%
Barcelona
Luis Suarez
97.4%
Barcelona
Andres Iniesta
94.9%
Chelsea
Eden Hazard
94.9%
Bayern Munich
Manuel Neuer
94.9%
Manchester United
Van Persie
94.9%
Barcelona
Xavi
94.9%
Manchester United
Radamel Falcao
92.3%
Manchester City
Sergio Aguero
92.3%
Manchester City
Yaya Toure
89.7%
Bayern Munich
Robert Lewandowski
89.7%
Arsenal
Mesut Ozil
89.7%
Paris Saint Germain
Thiago Silva
87.2%
Bayern Munich
Philip Lahm
87.2%
Manchester United
Di Maria
87.2%
Barcelona
Neymar
87.2%
Manchester City
David Silva
87.2%
Real Madrid
James Rodriguez
87.2%
Bayern Munich
Bastian Schweinsteiger
84.6%
Juventus
Arturo Vidal
84.6%
Club
Answer
% Correct
Manchester United
Juan Mata
84.6%
Real Madrid
Karim Benzema
84.6%
Arsenal
Alexis Sanchez
84.6%
Borussia Dortmund
Marco Reus
82.1%
Bayern Munich
Xabi Alonso
82.1%
Real Madrid
Sergio Ramos
79.5%
Chelsea
Cesc Fabregas
79.5%
Paris Saint Germain
Edinson Cavani
79.5%
Real Madrid
Toni Kroos
79.5%
Borussia Dortmund
Mats Hummels
76.9%
Bayern Munich
Thomas Muller
76.9%
Real Madrid
Luka Modric
76.9%
Chelsea
Diego Costa
74.4%
Juventus
Andrea Pirlo
74.4%
Bayern Munich
Mario Gotze
71.8%
Juventus
Paul Pogba
69.2%
Juventus
Gianluigi Buffon
69.2%
Bayern Munich
Jerome Boateng
66.7%
Juventus
Giorgio Chiellini
66.7%
Chelsea
Oscar
66.7%
Barcelona
Sergio Busquets
66.7%
Napoli
Gonzalo Higuain
64.1%
Juventus
Carlos Tevez
64.1%
Manchester City
Samir Nasri
64.1%
Roma
De Rossi
46.2%
Quiz Playlist
Details
Report
Send in Message
Add To Playlist
Classic:
Type in answers that appear in a list
Last Updated: Feb 16, 2017
Quiz Scoreboard
CHALLENGE
Sign Up to Join the Scoreboard
Show All
Scores
Hide
Comments
May contain spoilers
Recently Published
9x9 Crossword: Cartoon Network
by jackfrog10
Miscellaneous
3m
College Basketball Coaching Resumes
by pancakes188
Sports
9m
Billboard Blitz: Fleetwood Mac
by CooCooCachoo
Music
15s
More to Explore
Quiz From the Vault
Featured Blog Post
Where Did the Easter Bunny Come From?
hide this ad
You Might Also Like...
Tags
2014
club
Footballer
Nationality
Top 50
Today's Top Quizzes in Sports
Browse Sports
hide this ad
Today's Top Quizzes in Footballer
Browse Footballer
Top Contributed Quizzes in Sports
1
2022 World Cup Stars
2
Les meilleurs buteurs des matchs entre le PSG et l’OM
3
FIFA Club World Cup Champions
4
Les entraîneurs de l'OM et du PSG au 21e siècle
5
Criteria MLB: Left Handed Sluggers
6
AFC Teams Reveal (Wrong Answers Minefield)
7
2023 MLB Unique Player Accomplishments
8
5-to-1: FBS Animal Nicknames
9
Players with Multiple 50 Home Run Seasons
10
5-to-1: UK Sports Teams
Explore More
Trending Topics
Disney
Marvel
Anime
NBA
Harry Potter
Crossword
Kpop
Pokémon
Country
Song
Puzzle
Soccer
NFL
The Office
WWE
hide this ad
More By:
stijosunny
Quiz
Plays
Rating
Category
Featured
Created
ipl captains
867
Sports
May 4, 2013
Ipl fastest centuries
647
5.00
Sports
May 3, 2013
Ipl Winners
610
Sports
May 3, 2013
IPL Stars
444
Sports
May 4, 2013
Top La Liga Players 2013-2014
120
1.40
Sports
Sep 18, 2014
Go to Creator's Profile
Score Distribution
Quiz Creator Spotlight
stijosunny
Follow
Send a Message
Quizzes Created
-
Created Quiz Play Count
-
More By This Creator
Popular Quizzes Today
1
Find the US States - No Outlines Minefield
2
Find the Countries of Europe - No Outlines Minefield
3
The Countries of the World
4
Find the US States
5
Risky Map Clicking: Biggest States A-Z
6
US States
7
Popular People in 1961
8
Movies - When Are They Set?
More Sports Quizzes
Two Word Big 4 Locations
Published
Trending Quizzes
Risky Map Clicking: Least Populous States A-Z
1-10 Letter G Words
1-10 Letter F Words
Risky Map Clicking: Next State Alphabetically
Adjectives in 80s TV Shows
Recently Updated
Leaping Animals
pecheneg
Reality TV Shows (A-Z)
bhenderson79
Rickey Henderson's Hall of Fame Teammates
pecheneg
Champions League XIs: Arsenal
pecheneg
Quick Pick: Celebrities in WWE's Hall of Fame
aduchscher
A-Z Keypad Blitz II
pecheneg
Multiple Oscar Actors
pecheneg
Mystery Phrase Blitz: Oscar 'Best Actors'
pecheneg
F. Scott Fitzgerald Novels
LTH
Pick 3 Villains
ddd62291
Trending Topics
Disney
Kpop
Harry Potter
Crossword
Anime
NBA
Marvel
NFL
Soccer
The Office
Song
Pokémon
WWE
Country
Puzzle
Your Account Isn't Verified!
In order to create a playlist on Sporcle, you need to verify the email address you used during registration. Go to your
Sporcle Settings
to finish the process.
Report this User
Report this user for behavior that violates our
Community Guidelines
.
Details:
Send Report
Go to the Sporcle.com Mobile Site →
Comments